000 00595nam a2200193 a 4500
001 000029374
005 20200930055516.0
008 110415s1974 dr 000 0 spa d
040 _aDO-SdBNP
_bspa
_cBNPHU
082 _axxx
_bC117e
100 1 _aCabral Ortega, Hector
_956255
245 1 0 _aEstudio crítico de las leyes agrarias /
_cHector Cabral Ortega.
260 _aSanto Domingo :
_bPublicación de la UASD,
_c1974.
300 _a28 p. ;
_c21 cm.
490 1 _aConferencia
_vno. 19
_v172
504 _aBibliografía : p. 28
830 0 _aConferencia ;
_nno. 19
_v172
_956256
049 _aBNPD
999 _c28866
_d28866